The Czech Republic by Picture #1 - Statistics

General Stats
  • This quiz has been taken 63 times
  • The average score is 11 of 16
Answer Stats
Picture Hint Answer % Correct
Bridge in Prague Charles Bridge
100%
Historical region Bohemia
95%
Major river Elbe (Labe)
84%
Famous composer Antonín Dvořák
78%
1618 Historical event Defenestration of Prague
74%
Historical figure Charles IV
72%
National tree Linden
72%
Major castle Karlštejn
71%
Important mountain Říp
71%
Beer brand Budweiser
69%
Popular pastry Koláč
69%
Historical region Silesia
60%
Prominent political party ODS
53%
Pagan god Radegast
53%
Winner of Nobel Prize in Literature Jaroslav Seifert
47%
Historical entity Holy Roman Empire
36%
No matching quizzes found
Score Distribution
Percent of People with Each Score
Percentile by Number Answered
Your Score History
You have not taken this quiz